000 01339nam0a2200301 4500
001 RU\NLR\BIBL_A\022045814
005 20250128194045.0
010 _a978-5-9222-1706-4
_9200
021 _aRU
_bКН-П-23-049200
_9КН-П-23-4928
035 _a(NLR Aleph) 022045814
090 _a13317747
_c13317747
100 _a20231011d2023 c y0rusy50 ca
101 0 _atat
102 _aRU
105 _aa z 000 y
181 0 _ai
_baxxe
182 0 _an
200 1 _aТатар балалар әдәбияты (XX гасыр ахыры - XXI гасыр башы)
_dТатарская детская литература (конец XX - начало XXI в.)
_e[себер татарлары әдәбияты]
_eхрестоматия
_f[төз.-авт.: Л. Х. Фәизова, Г. Ч. Фәйзуллина]
203 _aТекст
_bвизуальный
_cнепосредственный
210 _aКазан
_cОтечество
_d2023
215 _a93,[1] б.
_cцв. ил.
_d21
541 1 _aТатарская детская литература (конец XX - начало XXI в.)
_e[творчество сибир. татар]: хрестоматия.
_zrus
686 1 _aШ5(2=Тат)7 я71
702 1 _aФәизова
_bЛ. Х.
_4220
852 _aNLR
_bОНЛ
_jТатар./3-13398
942 _cBOOK
980 _aNB